00848 2200313 4500001002100000005001500021035002000036007000300056040001600059100003200075245003600107250001300143300004100156020001800197041000800215082001100223084001700234090002100251264003100272336002100303337003000324338002300354650003500377850001000412008004100422504002900463990002100492990002100513INLIS00000000000455820260524084206 a0010-0122000190ta aSBUPADbind0 aGael LindenfieldePengarang1 aMendidik Anak Agar Percaya Diri a.-Cet. 1 axv, 186 hal. :billus. ;c14 x 21 cm a979-431-318-10 aind a649.68 a649.68 LIN m a153.9 TAU u 2-1 a.--Jakarta :bArcan,c1997 2rdacontentaTeks 2rdamediaaTanpa Perantara 2rdacarrieravolume 4aPengembangan Rasa Percaya Diri aPUPAD260524 0  abibliografi, hlm 185-186 a160/BR/KAPD/2011 a161/BR/KAPD/2011